000 01338nam a2200325Ia 4500
001 ebr10449630
003 CaPaEBR
006 m u
007 cr cn|||||||||
008 880927r20101912enk s 000 0 eng d
020 _z9781409413875
020 _z9781409416265 (ebook)
040 _aCaPaEBR
_cCaPaEBR
035 _a(OCoLC)715158817
050 1 4 _aDS411
_b.F942 2010eb
100 1 _aFryer, John,
_dd. 1733.
245 1 2 _aA new account of East India and Persia
_h[electronic resource] :
_bbeing nine years' travels, 1672-1681.
_nVolume 2 /
_cby John Fryer ; edited by William Crooke.
260 _aFarnham, Surrey ;
_aBurlington, VT :
_bAshgate,
_cc2010, 1912.
300 _a371 p.
490 1 _aWorks issued by the Hakluyt Society ;
_v2nd ser., no. 20
533 _aElectronic reproduction.
_bPalo Alto, Calif. :
_cebrary,
_d2011.
_nAvailable via World Wide Web.
_nAccess may be limited to ebrary affiliated libraries.
650 0 _aVoyages and travels.
651 0 _aIndia.
651 0 _aIran.
655 7 _aElectronic books.
_2local
700 1 _aCrooke, William,
_d1848-1923.
710 2 _aebrary, Inc.
830 0 _aWorks issued by the Hakluyt Society ;
_v2nd ser., no. 20.
856 4 0 _uhttp://site.ebrary.com/lib/rucke/Doc?id=10449630
_zAn electronic book accessible through the World Wide Web; click to view
999 _c138366
_d138366